000 00623nam a22001937a 4500
999 _c153978
_d153978
005 20181115144822.0
010 _aENG-123515
020 _a9788190892605
_c550.00
035 _aEN-107047
037 _bDBAD/PUB
082 _a954.083
100 _aSrikant, Ashok Aounshuman
245 _aGhadar in tirhoot :
_cby Ashok Aounshuman Srikant
_ba documentation /
260 _aPatna
_bBihar State Archives
_c2009
270 _aJawaharlal Nehru Marg,
_bPatna
_e1
300 _axxvi, 358p.
_c21cm(Hb)
500 _aIt includes Appendices, bibliography, glossary and index
942 _2ddc
_cEN
_h954.083
_mASH